000
00244nam a22000977a 4500
003
SGT
245
_a
International Journal of Computational Intelligence Research
260
_b
World Scientific Publication
_c
2020
300
_a
400
942
_2
ddc
_c
BV
999
_c
29158
_d
29158